000 00991cam a22003017a 4500
003 CHAP
005 20220329133138.0
008 971013s1982 r 00010 d
010 _a2684
011 _a3656
035 _a2857
040 _cCHAP
082 _a378
_bU72
110 _aUniversidad Nacional Autónoma de México. Dirección General de Intercambio Académico
_9116512
245 1 3 _aEl sistema universitario en la Gran Bretaña
260 _a[México, D. F.] :
_bLa Universidad,
_c1982
300 _a132 p.
_b: ilus
500 _aD46-226
590 _aBATCH-UPD
_b10
_c20130110
_lUCH01
_h2247
590 _aBATCH-UPD
_b10
_c20130410
_lUCH01
_h1541
590 _aBATCH-UPD
_b10
_c20130914
_lUCH01
_h1244
590 _aCONVERSION
_b10
_c20130109
_lUCH01
_h1303
650 1 4 _aEducación superior
_xGran Bretaña.
_935636
650 1 4 _aUniversidades
_xGran Bretaña.
_9116625
901 _aBK
942 _cLIBRO
949 _a378 U72
_bBC
_cLIBRO
_d33724000151148
_eLIBRO
_h80640
_i2857
_mD
_si
999 _c2684
_d2684